Normal view
MARC view
- Well,Ray R.
Entry Personal Name
001 - CONTROL NUMBER
- control field: 786
003 - CONTROL NUMBER IDENTIFIER
- control field: OSt
005 - DATE AND TIME OF LATEST TRANSACTION
- control field: 20160705152921.0
008 - FIXED-LENGTH DATA ELEMENTS
- fixed length control field: 160705|| aca||aabn | a|a d
040 ## - CATALOGING SOURCE
- Original cataloging agency: OSt
- Transcribing agency: OSt
100 ## - HEADING--PERSONAL NAME
- Personal name: Well,Ray R.
670 ## - SOURCE DATA FOUND
- Source citation: Work cat.: (OSt): Brady,Nyle C. 785, The Nature and Properties of Soils, 2005
